| Tag |
First Indicator |
Second Indicator |
Subfields |
| LEADER |
00000cam a22000001a 4500 |
| 001 |
in00004100438 |
| 005 |
20200117091349.0 |
| 006 |
m d f |
| 007 |
cr bn mmmapmmp |
| 008 |
100629s2010 dcu o f000 0 eng d |
| 035 |
|
|
|a chdc201001147
|
| 040 |
|
|
|a UMI
|c UMI
|d UtOrBLW
|
| 042 |
|
|
|a pcc
|
| 043 |
|
|
|a n-us---
|
| 074 |
|
|
|a 1041-A
|
| 086 |
0 |
|
|a Y 4.C 73/7:S.HRG.111-429
|
| 110 |
1 |
|
|a United States.
|b Congress.
|b Senate.
|b Committee on Commerce, Science, and Transportation.
|0 http://id.loc.gov/authorities/names/n81096151
|
| 245 |
1 |
0 |
|a Nominations to the Department of Transportation, the Executive Office of the President, and the Department of Commerce :
|b hearing before the Committee on Commerce, Science, and Transportation, United States Senate, One Hundred Eleventh Congress, first session, May 19, 2009.
|
| 264 |
|
1 |
|a Washington :
|b U.S. G.P.O.,
|c 2010.
|
| 264 |
|
2 |
|a Washington :
|b For sale by the Supt. of Docs., U.S. G.P.O.
|
| 300 |
|
|
|a iv, 140 pages, digital, PDF file.
|
| 336 |
|
|
|a text
|b txt
|2 rdacontent
|
| 337 |
|
|
|a computer
|b c
|2 rdamedia
|
| 338 |
|
|
|a online resource
|b cr
|2 rdacarrier
|
| 490 |
1 |
|
|a S. hrg. ;
|v 111-429
|
| 500 |
|
|
|a Shipping list number: 2010-0307-P.
|
| 500 |
|
|
|a Record is based on bibliographic data in ProQuest Congressional Hearings Digital Collection. Reuse except for individual research requires license from ProQuest, LLC.
|
| 500 |
|
|
|a Electronic resource.
|
| 533 |
|
|
|a Electronic reproduction.
|b [Bethesda, Md.] :
|c ProQuest,
|d 2010.
|e digital, PDF file.
|n ProQuest U.S. Congressional Hearings Digital Collection.
|n Mode of access: World Wide Web via ProQuest website.
|
| 538 |
|
|
|a System requirements: PDF reader software.
|
| 600 |
1 |
0 |
|a Strickling, Lawrence Edward,
|d 1951-
|0 http://id.loc.gov/authorities/names/no2010105203
|
| 600 |
1 |
0 |
|a Porcari, John D.
|q (John Davis),
|d 1958-
|0 http://id.loc.gov/authorities/names/no2010105212
|
| 600 |
1 |
0 |
|a Chopra, Aneesh P.
|q (Aneesh Paul),
|d 1972-
|0 http://id.loc.gov/authorities/names/no2010105248
|
| 600 |
1 |
0 |
|a Blank, Rebecca M.
|0 http://id.loc.gov/authorities/names/n85261375
|
| 600 |
1 |
0 |
|a Babbitt, Jerome Randolph,
|d 1946-
|0 http://id.loc.gov/authorities/names/no2010105257
|
| 610 |
1 |
0 |
|a United States.
|b Department of Commerce
|x Officials and employees
|x Selection and appointment.
|
| 610 |
1 |
0 |
|a United States.
|b Department of Transportation.
|b Office of the Secretary
|x Officials and employees
|x Selection and appointment.
|
| 610 |
1 |
0 |
|a United States.
|b Office of Science and Technology Policy
|x Officials and employees
|x Selection and appointment.
|
| 610 |
1 |
0 |
|a United States.
|b Federal Aviation Administration
|x Officials and employees
|x Selection and appointment.
|
| 776 |
0 |
8 |
|i Print version:
|a United States. Congress. Senate. Committee on Commerce, Science, and Transportation.
|t Nominations to the Department of Transportation, the Executive Office of the President, and the Department of Commerce
|w 9780160859632
|w 0160859638
|w (OCoLC)644665538
|
| 776 |
0 |
8 |
|i Microfiche version:
|a United States. Congress. Senate. Committee on Commerce, Science, and Transportation.
|t Nominations to the Department of Transportation, the Executive Office of the President, and the Department of Commerce
|d [Bethesda, Md.] : ProQuest,[2010]
|o CIS 2010 S261-18
|w (ProQuest)cis01002851
|
| 810 |
1 |
|
|a United States.
|b Congress.
|b Senate.
|t S. hrg. ;
|v 111-429.
|0 http://id.loc.gov/authorities/names/n83707917
|
| 856 |
4 |
0 |
|u http://proxy.library.tamu.edu/login?url=http://search.proquest.com/congcomp/getdoc?HEARING-ID=HRG-2009-CST-0026
|y Electronic resource (PDF)
|t 0
|
| 998 |
|
|
|a cis01002851
|
| 999 |
f |
f |
|s 9a691b7f-72a5-3538-86ed-c96bc8785341
|i 02581698-b015-312b-b51d-228f336015a5
|t 0
|
| 952 |
f |
f |
|a Texas A&M University
|b College Station
|c Electronic Resources
|d Available Online
|t 0
|e Y 4.C 73/7:S.HRG.111-429
|h Superintendent of Documents classification
|
| 998 |
f |
f |
|a Y 4.C 73/7:S.HRG.111-429
|t 0
|l Available Online
|